000 00787nam a2200277 a 4500
001
003
005 20220202114328.0
007
008 110118t2014 dr 001 f spa d
020 _a9789945583625
040 _aBPMSU
_bspa
_cBPMSU
082 4 _aRD863.44
_bV443b 2014
_222
100 1 _aVeloz Maggiolo, Marcio,
_d1936-2021
245 1 3 _aEl buen ladrón /
_cMarcio Veloz Maggiolo.
260 _aSanto Domingo :
_bSantuario,
_c2014
300 _a61 p. ;
_c23 cm.
500 _aIncluye datos biográficos del autor en la solapa de la cubierta
586 _aPremio Nacional de Novela
590 _6Inventariado, 2021/VM
650 4 _aNovela dominicana
650 4 _aLiteratura dominicana
650 4 _aReligión literatura
910 _aVMateo
942 _2ddc
_cBK
999 _c13529
_d13529